LEADER 00975nam a2200265 a 4500 001 000000134774 003 CaOOAMICUS 005 20130702155913.0 008 130702s1982 it u000 u ita r 040 $aPUL$bita 100 1 $aSgalambro, Manlio.$0(OLS)http://pul/name/38108 245 13$aLa morte del sole /$cManlio Sgalambro. 260 $aMilano :$bAdelphi,$cİ1982. 300 $a230 p. ;$c22 cm 490 1 $aSaggi ;$v21 504 $aInclude riferimenti bibliografici nelle note finali. 650 4$aFilosofia$ySec. XX.$0(OLS)http://pul/subject/1924 830 0$aSaggi (Adelphi) ;$v21.$0(OLS)http://pul/title/57436 850 $aPUL 852 $aPUL$W1$xDP1 Fondo E. Rossi$y115$m1 S 93$j155012$qFondi$B154565$CPULBib$Z2$F154565 $82 941 1 $a1 961 $aSul dorso collocazione ms. di E. Rossi: S 37 996 $6245$aLa morte del sole$9(OLS)http://pul/title/170433 996 $6260$aMilano :$bAdelphi$9(OLS)http://pul/publisher/51018 LEADER 00983nam a2200229 a 4500 001 000000150505 003 CaOOAMICUS 005 20151008123203.0 008 160315s1930 gw c u000 ucger r 032 $aLibriCat 040 $aPUL$bita 100 1 $aGi?ycki, Henriette von.$0(OLS)http://pul/name/95823 245 10$aKaplan Fahsel :$bin seinem Werdegang unter Zuhilfenahme seiner Briefe un Aufzeichnungen /$cdargestellt von Henriette v. Gi?ycki. 260 $aBerlin :$bGermania A. G.,$c1931. 300 $a127 p. :$britr. ;$c23 cm. 650 04$aNazionalsocialismo$xStoria.$0(OLS)http://pul/subject/21151 850 $aPUL 852 $aPUL$W1$xDP1 Religione 1$y20$m642 Z 160$j173020$qStampati$B175012$CPULBib$Z2$F175012 $81 941 1 $a8 996 $6245$aKaplan Fahsel :$bin seinem Werdegang unter Zuhilfenahme seiner Briefe un Aufzeichnungen$9(OLS)http://pul/title/189647 996 $6260$aBerlin :$bGermania A. G.$9(OLS)http://pul/publisher/84768